| 000 | 00626nam a22001815i 4500 | ||
|---|---|---|---|
| 001 | 163772 | ||
| 003 | ES-MaACL | ||
| 005 | 20230906212816.0 | ||
| 008 | 970508s1909 sp af |||| | spa d | ||
| 040 |
_aCLM _bspa _cCLM |
||
| 100 | 1 |
_aRodríguez Díez, Matías. _9131942 |
|
| 245 | 1 | 0 |
_aHistoria de la muy noble, leal y benemérita ciudad de Astorga / _cpor Matías Rodríguez Díez. |
| 250 | _a2ª ed. | ||
| 260 |
_aAstorga : _b[s.n.], _c1909 ( _fEstablecimiento tipográfico de Porfirio López) |
||
| 300 |
_aXV, 919, 5 p. ; _c27 cm. |
||
| 651 | 4 |
_aAstorga- _xHistoria. _9137058 |
|
| 852 |
_aES-MaACL _jF-736 _z-- Enc. hol. |
||
| 999 |
_c163772 _d163772 |
||